[Event "AUTO-ELITE-80"]
[Site "http://www.queenalice.com/game.php?id=87204"]
[Date "2006.7.18"]
[Round "1"]
[White "Number9"]
[Black "Eneias"]
[Result "0-1"]
[WhiteElo "1988"]
[BlackElo "1766"]

1. e4 e5 2. f4 d6 3. Nf3 Nc6 4. Bb5 Bg4 5. O-O Nf6 6. d3 Be7 7. fxe5 dxe5 8. Be3
O-O 9. Bxc6 bxc6 10. h3 Bxf3 11. Qxf3 Rb8 12. b3 h6 13. Bxa7 Rb7 14. Be3 Qd6 15.
Nd2 Ra8 0-1

[Event "Loving here"]
[Site "http://www.queenalice.com/game.php?id=87747"]
[Date "2006.7.20"]
[Round "-"]
[White "biancadelafuente"]
[Black "Eneias"]
[Result "0-1"]
[WhiteElo "1091"]
[BlackElo "1716"]

1. e4 e5 2. Nf3 Nc6 3. d4 exd4 4. Nxd4 Nxd4 5. Bc4 Nc6 6. O-O Nf6 7. Nc3 Bb4 8.
a4 O-O 9. Bf4 Bxc3 10. Qd3 Bxb2 11. Rad1 Be5 12. Be3 Ng4 13. Qd5 Qh4 14. h3 Nxe3
15. Rde1 Nxd5 16. Bxd5 Qf4 17. g3 Qh6 18. f4 Bd4+ 19. Kh2 d6 20. Rh1 Qxh3# 0-1

[Event "Challenge"]
[Site "http://www.queenalice.com/game.php?id=89666"]
[Date "2006.7.26"]
[Round "-"]
[White "Eneias"]
[Black "jbio"]
[Result "1-0"]
[WhiteElo "1802"]
[BlackElo "1252"]

1. d4 Nf6 2. c4 g6 3. Nc3 Bg7 4. e4 d6 5. Nf3 O-O 6. Be2 e5 7. d5 c6 8. O-O Nbd7
9. Bg5 Nc5 10. b4 Na6 11. Qd2 Nxb4 12. Bh6 c5 13. h3 a6 14. a3 Nc2 15. Bxg7 Kxg7
16. Qxc2 b5 17. cxb5 Nh5 18. Qa4 Bd7 19. Qb3 Rb8 20. a4 g5 21. Nxe5 dxe5 22.
Bxh5 Qb6 23. Rab1 Kh6 24. Bd1 Rbc8 25. bxa6 Rb8 26. Qxb6+ Rxb6 27. Rxb6+ f6 28.
a7 Ra8 29. Rxf6+ Kg7 30. Ra6 1-0

[Event "Challenge"]
[Site "http://www.queenalice.com/game.php?id=94920"]
[Date "2006.8.12"]
[Round "-"]
[White "carlosaude"]
[Black "Eneias"]
[Result "0-1"]
[WhiteElo "1496"]
[BlackElo "1802"]

1. e4 e5 2. Nf3 Nc6 3. c3 d5 4. d3 dxe4 5. dxe4 Qxd1+ 6. Kxd1 Nf6 7. h3 Nxe4 8.
Be3 Bd6 9. Bb5 Bd7 10. Bxc6 Bxc6 11. b3 O-O-O 12. Bxa7 b6 13. Ng5 Nxg5 14. Re1
Kb7 15. Bxb6 cxb6 16. f3 e4 17. h4 Bg3+ 18. Nd2 Bxe1 19. Kxe1 exf3 20. hxg5 fxg2
21. Kf2 Rxd2+ 22. Kg1 Rhd8 23. Re1 Rd1 24. Rxd1 Rxd1+ 25. Kf2 g1=Q+ 26. Ke2 Qe1#
0-1

[Event "Challenge"]
[Site "http://www.queenalice.com/game.php?id=97981"]
[Date "2006.8.21"]
[Round "-"]
[White "ayrton"]
[Black "Eneias"]
[Result "0-1"]
[WhiteElo "1817"]
[BlackElo "1820"]

1. e4 e5 2. Nf3 Nc6 3. Bb5 a6 4. Bxc6 dxc6 5. c3 Bg4 6. h3 Bh5 7. g4 Bg6 8. d3
Bd6 9. c4 Bb4+ 10. Ke2 Ne7 11. Bd2 Bc5 12. b4 Bd4 13. Bc3 Bxc3 14. Nxc3 Qd7 15.
Nxe5 Qd4 16. Nxg6 Nxg6 17. Rc1 Nf4+ 18. Kf3 Nxd3 19. Qd2 Rd8 20. Rhd1 Ne5+ 21.
Ke2 Qxc4+ 22. Ke3 Rxd2 23. Rxd2 Qxb4 24. Kf4 Ng6+ 25. Ke3 Ne5 26. Ke2 Nc4 27.
Rdd1 O-O 28. f3 Qb2+ 29. Kd3 Ne5+ 30. Ke3 Qb6+ 31. Ke2 Ng6 32. Rd2 Nf4+ 33. Kf1
Qe3 34. Nb1 Qxf3+ 35. Rf2 Qh1# 0-1

[Event "AUTO-ADV-235"]
[Site "http://www.queenalice.com/game.php?id=98978"]
[Date "2006.8.24"]
[Round "1"]
[White "Eneias"]
[Black "diegmr"]
[Result "0-1"]
[WhiteElo "1824"]
[BlackElo "1775"]

1. d4 d5 2. c4 c6 3. Nc3 Nf6 4. Nf3 Bf5 5. e3 e6 6. Be2 Bb4 7. a3 Ba5 8. b4 Bc7
9. cxd5 cxd5 10. O-O Nc6 11. Nb5 a6 12. Nxc7+ Qxc7 13. Nd2 O-O 14. Nb3 b5 15. f3
Ne7 16. Nc5 Ng6 0-1

[Event "AUTO-ADV-235"]
[Site "http://www.queenalice.com/game.php?id=98979"]
[Date "2006.8.24"]
[Round "1"]
[White "diegmr"]
[Black "Eneias"]
[Result "1-0"]
[WhiteElo "1755"]
[BlackElo "1844"]

1. d4 Nf6 2. c4 g6 3. Nf3 Bg7 4. Nc3 O-O 5. Bf4 d6 6. e3 Re8 7. Bd3 Bg4 8. h3
Bc8 9. O-O Nbd7 10. b4 b6 11. b5 e5 12. Bh2 e4 13. Nxe4 Nxe4 14. Bxe4 Rxe4 15.
Qd3 Re8 16. a4 Bb7 17. Qe2 Bxf3 18. Qxf3 1-0

[Event "AUTO-ADV-235"]
[Site "http://www.queenalice.com/game.php?id=98980"]
[Date "2006.8.24"]
[Round "1"]
[White "Eneias"]
[Black "leduar"]
[Result "1-0"]
[WhiteElo "1796"]
[BlackElo "1792"]

1. e4 e5 2. Nf3 Nc6 3. d4 exd4 4. Bc4 h6 5. O-O Bc5 6. Nbd2 Nge7 7. Nb3 Bb6 8.
Nbxd4 Nxd4 9. Nxd4 c5 10. Qf3 d5 11. exd5 cxd4 12. d6 Qxd6 13. Qxf7+ Kd8 14.
Qxg7 Re8 15. Bxh6 Qg6 16. Bf7 Qxg7 17. Bxg7 Nf5 18. Bf6+ Ne7 19. Rfe1 Bc5 20.
Bxe8 Kxe8 21. Bxe7 Bxe7 22. Re4 Bf5 23. Re5 Bxc2 24. Rae1 Rd8 25. Rxe7+ Kf8 26.
R7e2 d3 27. Rd2 Rd4 28. f3 Kf7 29. b3 Kf6 30. Rc1 Kf5 31. Rdxc2 dxc2 32. Rxc2
Rd7 33. Kf2 Ke6 34. Re2+ Kf6 35. g4 b5 36. Kg3 Rd3 37. h4 Rd1 38. g5+ Kf5 39. f4
Rd3+ 40. Kh2 Kxf4 41. Rg2 Rd7 42. g6 Rg7 43. h5 Kf5 44. Rf2+ Ke6 45. Rf7 Rxf7
46. gxf7 Kxf7 47. Kg3 Kg7 48. Kf4 Kh6 49. Ke5 Kxh5 50. Kd5 a5 51. Kc5 a4 52.
Kxb5 a3 53. Ka4 Kg5 54. Kxa3 Kf5 55. Kb4 Ke6 56. Kb5 Kd7 57. Kb6 Kc8 58. Ka7 1-0

[Event "AUTO-ADV-235"]
[Site "http://www.queenalice.com/game.php?id=98981"]
[Date "2006.8.24"]
[Round "1"]
[White "leduar"]
[Black "Eneias"]
[Result "1-0"]
[WhiteElo "1772"]
[BlackElo "1840"]

1. e4 e5 2. Nf3 Nc6 3. Bc4 Bc5 4. O-O Nf6 5. Ng5 O-O 6. d3 d5 7. Bb3 Nd4 8. c3
Nxb3 9. Qxb3 h6 10. Nf3 Re8 11. d4 exd4 12. cxd4 dxe4 13. Ne5 Be6 14. Qxb7 Bxd4
15. Nc6 Qd5 16. Qxa8 Rxa8 17. Ne7+ Kf8 18. Nxd5 Bxd5 19. Rd1 Bb6 20. Nc3 c6 21.
Nxd5 cxd5 22. Be3 Bc7 23. Rac1 Be5 24. b3 a5 25. Rc5 g5 26. Rdc1 Kg7 27. Rc8 Ra7
28. Bxa7 1-0

[Event "AUTO-ADV-235"]
[Site "http://www.queenalice.com/game.php?id=98982"]
[Date "2006.8.24"]
[Round "1"]
[White "Eneias"]
[Black "Capivarao"]
[Result "0-1"]
[WhiteElo "1806"]
[BlackElo "1938"]

1. e4 e5 2. Nf3 Nc6 3. d4 exd4 4. Bc4 Nf6 5. O-O Bc5 6. e5 Ng8 7. Ng5 Nh6 8. Qh5
O-O 9. Ne4 Be7 10. Bxh6 gxh6 11. Qxh6 Nxe5 12. Bd3 Nxd3 13. cxd3 d5 14. Ng3 Bg5
15. Qh5 Qf6 16. Rd1 Qg6 17. Qf3 Be6 18. Nd2 c5 19. Nb3 b6 20. a4 a5 21. Ne2 Rad8
22. Nf4 Bxf4 23. Qxf4 Qf5 24. Qxf5 Bxf5 25. Kf1 Rfe8 26. h3 h5 27. Re1 Bxd3+ 0-1

[Event "AUTO-ADV-235"]
[Site "http://www.queenalice.com/game.php?id=98983"]
[Date "2006.8.24"]
[Round "1"]
[White "Capivarao"]
[Black "Eneias"]
[Result "1-0"]
[WhiteElo "1890"]
[BlackElo "1770"]

1. e4 e6 2. Nf3 d5 3. exd5 Qxd5 4. Nc3 Qa5 5. Bc4 Bb4 6. O-O Nf6 7. a3 Bd6 8. d3
a6 9. Bd2 Qh5 10. h3 b5 11. Ba2 Bb7 12. Nh2 Bxh2+ 13. Kxh2 Qg6 14. f3 h5 15. Ne4
Bxe4 16. fxe4 O-O 17. Qf3 Nbd7 18. Rf2 Rac8 19. Raf1 c5 20. Bc3 Kh7 21. Qg3
Qxg3+ 22. Kxg3 e5 23. Rf5 Kg6 24. h4 c4 25. Bxe5 Nxe5 26. Rxe5 Ng4 27. Rg5+ Kh6
28. Rf3 1-0

[Event "Challenge"]
[Site "http://www.queenalice.com/game.php?id=101165"]
[Date "2006.8.31"]
[Round "-"]
[White "jbio"]
[Black "Eneias"]
[Result "0-1"]
[WhiteElo "1273"]
[BlackElo "1837"]

1. d4 Nf6 2. Nc3 d5 3. Nf3 e6 4. Bg5 Be7 5. e3 O-O 6. Bxf6 Bxf6 7. Be2 Nd7 8.
Qd2 c5 9. O-O-O cxd4 10. exd4 a6 11. g3 Nb6 12. Kb1 Qc7 13. b3 Be7 14. h4 Bb4
15. Qf4 Qxc3 16. Rd3 Qc6 17. h5 h6 18. Rh4 Bd7 19. Bd1 Bd6 20. Ne5 Qc7 21. Rg4
Kh7 22. Kb2 f6 23. Rc3 Qb8 24. Nxd7 Nxd7 25. Qe3 e5 26. Qd3+ e4 27. Qe3 Bb4 28.
Qf4 Qxf4 29. Rxf4 Bxc3+ 30. Kxc3 Rfe8 31. Bg4 Nf8 32. Bf5+ Kh8 33. Bg6 Nxg6 34.
hxg6 e3 35. fxe3 Rxe3+ 36. Kd2 Rxg3 37. c4 dxc4 38. bxc4 Rxg6 39. d5 Rg2+ 40.
Ke3 Rxa2 0-1

[Event "Challenge"]
[Site "http://www.queenalice.com/game.php?id=101179"]
[Date "2006.8.31"]
[Round "-"]
[White "winner"]
[Black "Eneias"]
[Result "1-0"]
[WhiteElo "1598"]
[BlackElo "1821"]

1. e4 c5 2. Nf3 d6 3. d4 cxd4 4. Nxd4 Nf6 5. Nc3 e6 6. Nf3 Nc6 7. Nd4 a6 8. Nxc6
bxc6 9. Bd3 e5 10. O-O Be7 11. Re1 O-O 12. Bd2 Qb6 13. b3 Ng4 14. Qe2 Nf6 15.
Qe3 Qxe3 16. Bxe3 d5 17. exd5 cxd5 18. Bd2 e4 19. Be2 Bd7 20. Bg5 h6 21. Bc1 Bb4
22. Bb2 d4 23. Nxe4 Bxe1 24. Nxf6+ gxf6 25. Rxe1 Rfe8 26. Bxd4 Kg7 27. Kf1 Re4
28. c3 Rae8 29. Be3 f5 30. Bf3 R4e5 31. Rd1 Rb5 32. Rxd7 Rbb8 33. Bd5 Kf6 34.
Rxf7+ Kg6 35. Bd4 Kh5 36. Rxf5+ Kg4 37. Re5 Rxe5 38. Bxe5 Rb5 39. c4 1-0

[Event "Challenge"]
[Site "http://www.queenalice.com/game.php?id=104648"]
[Date "2006.9.11"]
[Round "-"]
[White "raskolnikoff"]
[Black "Eneias"]
[Result "0-1"]
[WhiteElo "1644"]
[BlackElo "1809"]

1. e4 c5 2. Nf3 d6 3. d4 cxd4 4. Nxd4 Nf6 5. Nc3 Nc6 6. Bc4 e6 7. Be3 Be7 8. O-O
O-O 9. a3 e5 10. Nb3 Ng4 11. Nd5 Bg5 12. Bxg5 Qxg5 13. Nc7 Rb8 14. Nd2 Nf6 15.
Nf3 Qg6 16. Nd5 Bh3 17. Nxf6+ gxf6 18. Ne1 Kh8 19. Qf3 Bg4 20. Qg3 Rg8 21. Bd5
Qh5 22. Qe3 Be2 23. Bxf7 Qxf7 24. Qxe2 Qg6 25. Rd1 Nd4 26. Qd3 Rbd8 27. c3 Ne6
28. g3 Nc5 29. Qd5 Qxe4 30. Nf3 Qxd5 31. Rxd5 Rd7 32. b4 Na4 33. c4 Nc3 34. Ra5
b6 35. Ra6 Rc8 36. Nd2 Ne2+ 37. Kg2 Nd4 38. f4 Nf5 39. Ne4 Ne3+ 40. Kf2 Nxf1 41.
Nxf6 Rf7 42. Kxf1 Rxf6 0-1

[Event "Challenge"]
[Site "http://www.queenalice.com/game.php?id=105395"]
[Date "2006.9.13"]
[Round "-"]
[White "carlosaude"]
[Black "Eneias"]
[Result "0-1"]
[WhiteElo "1455"]
[BlackElo "1807"]

1. e4 c5 2. d4 cxd4 3. c3 dxc3 4. Nxc3 Nc6 5. Bc4 e6 6. Nh3 Bb4 7. O-O Bxc3 8.
bxc3 Nf6 9. Qf3 Ne5 10. Qe2 Nxc4 11. Qxc4 d5 12. exd5 Qxd5 13. Qxd5 Nxd5 14. Bb2
O-O 15. c4 Nb6 16. Ba3 Re8 17. Rac1 h6 18. c5 Nd5 19. Rc4 b5 20. Rg4 e5 21. Rg3
Ba6 22. Bc1 Kh7 23. Rf3 f6 24. g4 b4 25. Rd1 Nc3 26. Rd2 Ne2+ 27. Kg2 Nxc1 28.
Rc2 Nxa2 29. Rxa2 Bb7 30. Ra4 Bxf3+ 31. Kxf3 a5 32. Kg2 Rec8 33. Ng1 Rxc5 34.
Ra2 b3 35. Rb2 a4 36. Nf3 Rb5 37. Rd2 b2 38. g5 hxg5 39. h4 b1=Q 40. hxg5 Qe4
41. Kg3 Qf4+ 42. Kg2 Qg4+ 43. Kf1 Qxf3 44. Rd7 Rb1+ 45. Rd1 Rxd1# 0-1

[Event "E ai meu amigo vamos umas"]
[Site "http://www.queenalice.com/game.php?id=108661"]
[Date "2006.9.22"]
[Round "-"]
[White "StenioVS"]
[Black "Eneias"]
[Result "1-0"]
[WhiteElo "1894"]
[BlackElo "1781"]

1. d4 Nf6 2. c4 g6 3. Nf3 Bg7 4. g3 O-O 5. Bg2 d6 6. O-O Nbd7 7. Qc2 e5 8. Nc3
exd4 9. Nxd4 Ne5 10. b3 c5 11. Nf3 Bf5 12. Qb2 Ne4 13. Bd2 Nxf3+ 14. Bxf3 Nxd2
15. Qxd2 Qa5 16. Rac1 Bh3 17. Rfd1 Be5 18. Bxb7 Rab8 19. Bf3 Bxc3 20. Rxc3 Be6
21. Rd3 Qxd2 22. R1xd2 Rbd8 23. Rxd6 Rc8 24. Bd5 Rfe8 25. Bxe6 fxe6 26. Rd7 Rf8
27. Rxa7 1-0

[Event "Challenge"]
[Site "http://www.queenalice.com/game.php?id=108662"]
[Date "2006.9.22"]
[Round "-"]
[White "Eneias"]
[Black "StenioVS"]
[Result "0-1"]
[WhiteElo "1795"]
[BlackElo "1836"]

1. e4 e5 2. Nf3 Nc6 3. d4 exd4 4. Bc4 Bc5 5. O-O Nf6 6. e5 d5 7. exf6 dxc4 8.
fxg7 Rg8 9. Re1+ Be6 10. Ng5 Qd5 11. Nc3 Qf5 12. Nce4 Be7 13. g4 Qg6 14. f4 f5
15. Nf6+ Qxf6 16. Nxe6 Kf7 17. g5 Qg6 18. h4 h5 19. Nxc7 Rad8 20. Ne6 Rd6 0-1